MARC

LEADER 00000nab a2200000 a 4500
001 vtls010060663
003 SK-MaSNL
005 20260318140753.0
008 141024c2010 xo |||||||| 000 b|hun
015 |a SNBRB2010/02  |2 snkbucl 
038 |a SNKBUCL 
040 |a DSZK  |b slo  |c DSZK  |e AACR2 
041 0 |a hun 
044 |a xo  |c SK 
080 |a 377.4/.8  |x (=511.141)  |x (437.6)  |2 2001 
080 |a 373  |x (=511.141)  |x (437.6)  |2 2001 
080 |a 371.315  |2 2001 
080 |a 371.2  |2 2001 
100 1 |a Miriák, Ferenc  |4 aut  |9 849053 
245 1 0 |a Interaktív tananyagok a kompetencia alapú oktatásban  |c Miriák Ferenc 
300 |b Fotogr. 
610 2 7 |a Základná škola Józsefa Kovátsa s vyučovacím jazykom maďarským (Bátorove Kosihy, Slovensko)  |2 snkbucl  |9 1051797 
648 7 |a 2009  |2 snkbucl  |9 320114 
650 0 7 |a vzdelávanie učiteľov  |2 SNKPH  |9 4031 
650 0 7 |a ďalšie vzdelávanie  |2 SNKPH  |9 4032 
650 0 7 |a metodické dni  |2 snkbucl  |9 938700 
650 0 7 |a interaktívne učebné látky  |2 snkbucl  |9 1051800 
650 0 7 |a interaktívne vzdelávacie programy  |2 snkbucl  |9 1051799 
650 0 7 |a interaktívne vyučovanie  |2 snkbucl  |9 415278 
651 7 |a Bátorove Kosihy (Slovensko)  |2 SNKPHgeo  |9 220860 
773 0 |t Katedra  |g Évf. XVII, sz. 5 (2010), o. 30-31  |x 1335-6445 
852 |a SNK  |b KIS3GCP 
852 |a DSZK  |b KIS3GCP 
958 |a HU 
958 |a SK 
999 |c 1932513  |d 1934443